000 00631cam a22002294a 4500
001 sa 68006654
003 DLC
005 20260227112517.0
008 940728s1967 ii af 000 0 urdo
010 _asa 68006654
025 _aPL480:I-U-2147
035 _a(OCoLC)30844594
040 _aDLC
_cDLC
050 0 0 _aPK2199.F55
_bG87 1967
100 0 _aFirāq Gorakhpūrī,
_d1896-1982.
245 1 0 _aGulbāng /
_cFirāq Gorakhpūrī.
250 _a1. ishāʻat.
260 _aAllahābād :
_bSāhityah Kalā Bhavan,
_c1967.
300 _a404 p., [1] leaf of plates :
_bill. ;
_c22 cm.
500 _aPoems.
546 _aIn Urdu.
999 _c81423
_d81423